| Tag |
First Indicator |
Second Indicator |
Subfields |
| LEADER |
00000cim a2200000 a 4500 |
| 001 |
in00000079090 |
| 005 |
20151008055225.0 |
| 007 |
ss lunjlc---u |
| 008 |
790223s1973 nyunnnn z d 1 eng d |
| 010 |
|
|
|z 73075103
|
| 035 |
|
|
|a (OCoLC)04684879
|
| 035 |
|
|
|9 AAJ2877AM
|
| 040 |
|
|
|a UIU
|c UIU
|d TXA
|d UtOrBLW
|
| 049 |
|
|
|a TXAV
|
| 090 |
|
|
|a PR6057.R33
|b B8 1973
|
| 092 |
|
|
|a 822
|b G794b
|
| 100 |
1 |
|
|a Gray, Simon,
|d 1936-2008.
|
| 245 |
1 |
0 |
|a Butley /
|c Simon Gray.
|
| 264 |
|
1 |
|a New York, N.Y. :
|b Caedmon,
|c [1973]
|
| 264 |
|
4 |
|c ©1973
|
| 300 |
|
|
|a 3 sound cassettes (115 min.) :
|b 1 7/8 ips.
|
| 306 |
|
|
|a 015454
|
| 336 |
|
|
|a spoken word
|b spw
|2 rdacontent
|
| 337 |
|
|
|a audio
|b s
|2 rdamedia
|
| 338 |
|
|
|a audiocassette
|b ss
|2 rdacarrier
|
| 500 |
|
|
|a Caedmon : CDL 5362.
|
| 500 |
|
|
|a Program notes in container.
|
| 500 |
|
|
|a "The American Theatre."
|
| 511 |
1 |
|
|a Alan Bates, Jessica Tandy.
|
| 500 |
|
|
|a Sound recording.
|
| 710 |
2 |
|
|a Caedmon Records.
|
| 999 |
|
|
|a MARS
|
| 999 |
f |
f |
|s 9905480a-799e-315f-9cb9-8a2a286a7df2
|i 631bb9f8-9ca8-3588-9b14-6be355df2cf3
|t 0
|
| 952 |
f |
f |
|p ric
|a Texas A&M University
|b Rellis Campus
|c Joint Library Facility
|d Remote Storage
|t 0
|e PR6057.R33 B8 1973
|h Library of Congress classification
|i audio -- audiocassette
|m A14806058155
|
| 998 |
f |
f |
|a PR6057.R33 B8 1973
|t 0
|l Remote Storage
|